000 01145cam a2200289 i 4500
003 SA-RiAUC
005 20250113090733.0
008 250107s1985 ua g b 000 0 ara c
040 _aAE-AiULD
_bara
_cSA-RiAUC
_erda
082 0 4 _a252.7
090 _a252.7
_b ع ب د هـ
100 1 _aعبد الهادي، أبو سريع محمد،
_d1939-
_eمؤلف.
245 1 0 _aأحكام الأطعمة والذبائح في الفقه الإسلامي /
_cأبو سريع محمد عبد الهادي.
264 1 _aالقاهرة :
_bدار الاعتصام،
_c1985
300 _a334 صفحة ؛
_c24 سم
336 _aنص
_btxt
_2rdacontent
_3كتاب
337 _aبدون وسيط
_bn
_2rdamedia
338 _aمجلد
_bnc
_2rdacarrier
504 _aببليوجرافية : صفحة 327-328.
650 7 _aالأغذية (فقه إسلامي)
_2aucsh
650 7 _aالذبائح (فقه إسلامي)
_2aucsh
650 7 _aالأحكام الشرعية
_2aucsh
650 7 _aالفقه الإسلامي
_2aucsh
942 _2ddc
_cBOOK
_n0
949 _aSA-JeALM
_d250107
_uosman123
_n1
999 _c4696
_d4696